<?xml version="1.0" encoding="UTF-8"?>
<record
    xmlns:xsi="http://www.w3.org/2001/XMLSchema-instance"
    xsi:schemaLocation="http://www.loc.gov/MARC21/slim http://www.loc.gov/standards/marcxml/schema/MARC21slim.xsd"
    xmlns="http://www.loc.gov/MARC21/slim">

  <leader>00765nab a2200217 uc4500</leader>
  <controlfield tag="001">658293</controlfield>
  <controlfield tag="005">20240926090108.0</controlfield>
  <controlfield tag="008">010418e19990601                    spa  </controlfield>
  <datafield tag="035" ind1=" " ind2=" ">
    <subfield code="a">658293</subfield>
  </datafield>
  <datafield tag="035" ind1=" " ind2=" ">
    <subfield code="a">(OCoLC)819905246</subfield>
  </datafield>
  <datafield tag="040" ind1=" " ind2=" ">
    <subfield code="c">comduadb</subfield>
  </datafield>
  <datafield tag="041" ind1=" " ind2=" ">
    <subfield code="a">spa</subfield>
  </datafield>
  <datafield tag="100" ind1="1" ind2="0">
    <subfield code="a">Carvajal Cruz, Luis Elmer</subfield>
    <subfield code="4">aut</subfield>
    <subfield code="e">aut</subfield>
    <subfield code="9">514167</subfield>
  </datafield>
  <datafield tag="245" ind1="1" ind2="0">
    <subfield code="a">Simulacion de la caldera de Propal por medio del sistema de automontaje inteligente Foxboro I/A</subfield>
  </datafield>
  <datafield tag="650" ind1=" " ind2="7">
    <subfield code="a">Simulaci&#xF3;n por computadores</subfield>
    <subfield code="2">lemb</subfield>
    <subfield code="9">90929</subfield>
  </datafield>
  <datafield tag="650" ind1=" " ind2=" ">
    <subfield code="a">Calderas</subfield>
    <subfield code="9">38486</subfield>
  </datafield>
  <datafield tag="650" ind1=" " ind2=" ">
    <subfield code="a">Control inteligente</subfield>
    <subfield code="9">69751</subfield>
  </datafield>
  <datafield tag="650" ind1=" " ind2=" ">
    <subfield code="a">I/A FOXBORO (Programa para computador)</subfield>
    <subfield code="9">172865</subfield>
  </datafield>
  <datafield tag="773" ind1="0" ind2=" ">
    <subfield code="t">Energ&#xED;a y Computaci&#xF3;n (Cali)</subfield>
    <subfield code="g">Vol. 08, No. 01, Ene.-Jun. 1999, p. 40-44</subfield>
    <subfield code="w">119991</subfield>
    <subfield code="x">0121-5299</subfield>
    <subfield code="0">69582</subfield>
  </datafield>
  <datafield tag="942" ind1=" " ind2=" ">
    <subfield code="c">ARIMP</subfield>
  </datafield>
  <datafield tag="999" ind1=" " ind2=" ">
    <subfield code="c">195497</subfield>
    <subfield code="d">195497</subfield>
  </datafield>
</record>
